=LDR 00000nam 2200000 4500 =001 NUTBA000000000000362 =005 20140321094751.0 =006 =007 =008 =020 ##$$a 978-602-6442-02 =035 ##$$0010-031400000000361 =040 ##$$a Ind =082 ##$$a 658.72 =090 ##$$a 658.72$bSad k =100 ##$$a Sabinus Sadar =245 ##$$a Kiat memenangkan tender barang dan jasa$cSabinus sadar, Rita M . =250 ##$$a Cet.1 =260 ##$$a Jakarta$bForum media$c22 cm. =300 ##$$a V,132 Hlm$bIlus$c22 cm. =500 ##$$a Bibliografi Hlm. 133-134 =700 ##$$a Rita M =850 ##$$a NBPNMAT =990 ##$$a 21111141 =990 ##$$a 90985/BPAP-NTB/2014 =990 ##$$a 0001/BPAP-NTB/20142014 =990 ##$$a 0001/BPAP-NTB/20142015